Statistics for Book publishers by logo

Click here to take the quiz!

General Stats

  • This quiz has been taken 13 times
  • The average score is 3 of 8

Answer Stats

Answer% Correct
Harper Collins
71%
Penguin Random House
57%
Bloomsbury
43%
Hot Key Books
43%
Macmillan Publishers
43%
Hachette Livre
29%
Simon & Schuster
29%
Scholastic
0%

Score Distribution

Percentile by Number Answered

Percent of People with Each Score

Your Score History

You have not taken this quiz